000 00646cam a22001697a 4500
008 180718b1996 xxu||||| |||| 00| 0 eng d
082 _aT19x5 C157
100 _aCampos, Jose Edgardo
245 _aThe key to the Asian miracle: making shared growth credible
_cby Jose Edgardo Campos and Hilton L. Root
260 _aWashington, D.C.
_bBrooking Institution
_c1996
300 _a198p.
650 _aAsia, South Eastern - Economic conditions
650 _aEast Asia - Economic conditions
650 _aAsia, Southeastern - Economic policy - Decision making
650 _aEast Asia - Economic policy - Decision making
700 _aRoot, Hilton L.
999 _c379988
_d379988